000
00273nam a2200121Ia 4500
008
190216s9999||||xx |||||||||||||| ||und||
100
_a
Deepak & Vishal
245
0
_a
Advanced Accountancy
260
_b
"Deepa & Co,"
300
_a
701
650
_a
Commerce
942
_c
BK
999
_c
6528
_d
6528